01197 a2200229 4500003000500000005001700005010001700022020001500039040000900054082001600063100003200079245007800111260003700189300002900226440003500255505039300290650003500683856009100718942001300809999001900822952012600841Nust20220804103430.0 a 2003046213 a0849313767 cNust00a621.367,LAP1 aLaplante, Phillip A.95569510aSoftware engineering for image processing systems /cPhillip A. Laplante. aBoca Raton :bCRC Press,cc2004. a220 p. :bill. ;c24 cm. 0aImage processing series995621 aSoftware Engineering (Page-1), Imaging Software and its Properties (Page-9), Software Process and Life Cycle Models (Page-23), Software Requirements (Page-41), Software System Design (Page-71), The Software Production Process (Page-109), Software Measurement and Testing (Page-129), Hardware and Software Integration and Maintenance (Page-145), Management of Software Projects (Page-165). 0aTelecommunication Engineering.423Publisher descriptionuhttp://www.loc.gov/catdir/enhancements/fy0646/2003046213-d.html cREF2ddc c175587d175587 00102ddc4070aMCSbMCScREFd2016-12-12o621.367,LAPpMCS31560r2016-12-08w2016-12-12yREFzAlmirah No.20, Shelf No.5